[Event "Ceara-ch 2019"]
[Site "Fortaleza"]
[Date "2019.11.24"]
[Round "4.2"]
[White "Lima, Alan Elkinson Lopes "]
[Black "Barreto, Paulo Robson Rodrigu"]
[Result "1/2-1/2"]
[WhiteElo "1928"]
[BlackElo "1692"]
[Annotator "NA RC"]
[PlyCount "41"]
[EventDate "2019.11.17"]
[EventType "tourn"]
[EventCountry "BRA"]
[SourceTitle "playchess.com"]
[Source "ChessBase"]
[SourceQuality "1"]
[TimeControl "5400+30"]

{[%evp 8,40,13,24,20,18,37,29,45,56,60,43,33,11,25,26,41,25,71,56,41,47,69,52,64,26,62,43,47,42,29,34,39,41,40]} 1. d4 {[%emt 0:00:00]} Nf6 {[%emt 0:00:00]} 2. Nf3 {[%emt 0:00:00]} d5 {[%emt 0:01:01]} 3. c4 {[%emt 0:01:07]} e6 {[%emt 0:01:59]} 4. g3 {[%emt 0:00:40]} Be7 {[%emt 0:00:42]} 5. Bg2 {[%emt 0:00:39]} O-O {[%emt 0:01:10]} 6. O-O {[%emt 0:01:03]} c5 {[%emt 0:05:33]} 7. cxd5 {[%emt 0:06:43]} Nxd5 {[%emt 0:02:34]} 8. dxc5 {[%emt 0:01:57]} Bxc5 {[%emt 0:01:53]} 9. a3 {[%emt 0:00:27]} Nc6 {[%emt 0:06:51]} 10. b4 {[%emt 0:01:29]} Be7 {[%emt 0:02:36]} 11. Bb2 {[%emt 0:00:18] E06: Closed Catalan: Early deviations} Bf6 {[%emt 0:00:53]} 12. Qb3 {[%emt 0:02:42]} (12. Bxf6 Qxf6 13. Ra2 Bd7 14. Qc1 Rfc8 15. Qb2 a5 16. bxa5 Qxb2 17. Rxb2 Nxa5 18. Ne5 Be8 {0-1 (38) Blomqvist,E (2567)-Safarli,E (2691) London 2016}) 12... Bxb2 {[%emt 0:12:55]} 13. Qxb2 {[%emt 0:00:05]} Bd7 {[%emt 0:01:25]} 14. Nbd2 {[%emt 0:02:42]} Rc8 {[%emt 0:15:26]} 15. Rac1 {[%emt 0:04:48]} Qe7 {[%emt 0:05:44]} 16. Rfd1 $146 {[%emt 0:04:38]} ({Predecessor:} 16. Nc4 b6 17. Rfd1 Rfd8 18. e4 Nf6 {1-0 (38) Bochev,K (2075)-Yordanov,I (1624) Teteven 2018}) 16... Rfd8 {[%emt 0:01:52]} 17. e4 {[%emt 0:14:53]} Nb6 {[%emt 0:02:53]} 18. e5 {[%emt 0:02:18]} Be8 {[%emt 0:07:25]} 19. Ne4 {[%emt 0:02:22]} Rxd1+ {[%emt 0:01:32]} 20. Rxd1 {[%emt 0:00:08]} Rd8 $14 {[%emt 0:02:25]} 21. Qc2 {[%emt 0:10:10]} 1/2-1/2

[Event "Ceara-ch 2019"]
[Site "Fortaleza"]
[Date "2019.11.24"]
[Round "4.3"]
[White "Silveira, Jose Wanderley Macie"]
[Black "Lima, Helio Viana Correia"]
[Result "1-0"]
[WhiteElo "1762"]
[BlackElo "1950"]
[Annotator "NA RC"]
[PlyCount "51"]
[EventDate "2019.11.17"]
[EventType "tourn"]
[EventCountry "BRA"]
[SourceTitle "playchess.com"]
[Source "ChessBase"]
[SourceQuality "1"]
[TimeControl "5400+30"]

{[%evp 8,51,-6,14,12,-14,-14,0,50,-27,-6,-24,0,0,8,0,0,-29,106,110,145,128,109,106,128,118,1528,1401,1485,504,32767,32767,32767,32767,32767,630,513,433,520,488,29968,682,29986,505,29986,29987]} 1. e4 {[%emt 0:00:00]} e5 {[%emt 0:23:48]} 2. Nf3 {[%emt 0:00:06]} Nc6 {[%emt 0:00:07]} 3. d4 {[%emt 0:00:01]} exd4 {[%emt 0:00:07]} 4. Nxd4 {[%emt 0:00:03]} Nf6 {[%emt 0:00:10]} 5. Nxc6 {[%emt 0:00:02]} bxc6 {[%emt 0:00:26]} 6. Qe2 {[%emt 0:00:36] C45: Scotch Game} a5 {[%emt 0:08:28]} 7. e5 {[%emt 0:01:08]} Ba6 {[%emt 0:00:58] [#]} (7... Nd5 $11) 8. c4 $146 {[%emt 0:03:07]} ({Predecessor:} 8. Qf3 $1 $16 Nd5 9. Bxa6 Rxa6 10. O-O Qh4 11. Nd2 Be7 12. Qe2 Ra8 13. Nf3 Qg4 {½-½ (41) Perunovic,M (2620)-Meister,J (2463) Berlin 2014}) 8... Bb4+ {[%emt 0:00:29]} 9. Nd2 {[%emt 0:01:24]} O-O $1 {[%emt 0:01:38]} 10. a3 {[%emt 0:01:02]} Bxd2+ {[%emt 0:03:39]} 11. Bxd2 {[%emt 0:00:27]} Re8 {[%emt 0:04:17]} 12. Bg5 {[%emt 0:02:11] Pin} Qb8 {[%emt 0:13:32] [#]} (12... d6 $11 {keeps the balance.} 13. O-O-O Rxe5 14. Qxe5 dxe5 15. Rxd8+ Rxd8) 13. O-O-O $1 {[%emt 0:02:01]} ({Of course not} 13. Bxf6 gxf6 14. Qg4+ Kf8 $14) 13... Nd5 {[%emt 0:00:21] [#]} 14. Qg4 $1 {[%emt 0:02:31]} Ne7 {[%emt 0:04:15]} 15. Rxd7 {[%emt 0:02:05]} Ng6 {[%emt 0:02:22]} 16. e6 $1 {[%emt 0:18:32]} f6 $2 {[%emt 0:00:01] [#]} (16... Rxe6 $16 17. Rd8+ Qxd8 18. Bxd8 Rxd8) 17. Bxf6 $1 {[%emt 0:03:09]} gxf6 {[%emt 0:00:15]} 18. Qh5 {[%emt 0:00:27]} (18. Bd3 $142 f5 19. Qxf5) 18... Re7 {[%emt 0:03:59]} 19. Rxe7 {[%emt 0:00:05]} Nxe7 {[%emt 0:00:02]} 20. Qf7+ {[%emt 0:00:03]} Kh8 {[%emt 0:00:02]} 21. Qxf6+ {[%emt 0:01:19]} ({Weaker is} 21. Qxe7 Qd8 $18) 21... Kg8 {[%emt 0:00:02]} 22. Qf7+ {[%emt 0:00:14]} Kh8 {[%emt 0:00:25]} 23. Qxe7 {[%emt 0:00:39]} Qb3 {[%emt 0:00:51]} (23... Qd8 $18 24. Qf7 Qg5+ 25. f4 Qg7 26. Qxg7+ Kxg7) 24. Qf6+ {[%emt 0:01:03]} Kg8 {[%emt 0:00:02]} 25. Qf7+ {[%emt 0:01:47] Double Attack} Kh8 {[%emt 0:00:01]} 26. e7 {[%emt 0:00:23]} 1-0

[Event "Ceara-ch 2019"]
[Site "Fortaleza"]
[Date "2019.11.24"]
[Round "4.4"]
[White "Palacio, Igor Da Paz"]
[Black "Albuquerque Junior, Wellington S."]
[Result "1-0"]
[WhiteElo "2160"]
[BlackElo "2213"]
[Annotator "TA"]
[PlyCount "129"]
[EventDate "2019.11.17"]
[EventType "tourn"]
[EventCountry "BRA"]
[SourceTitle "playchess.com"]
[Source "ChessBase"]
[SourceQuality "1"]

{[%evp 18,129,14,0,17,19,25,-16,-20,-16,12,-12,-18,-9,-12,-12,120,-15,-11,-13,-11,-15,0,0,0,0,0,0,140,137,141,143,228,280,244,265,320,308,326,318,322,322,322,314,290,253,206,190,170,60,70,8,8,0,0,0,8,8,8,8,8,8,0,0,0,0,8,8,8,0,0,0,2191,193,193,193,193,193,193,186,186,186,186,166,261,253,1142,1222,1256,1251,1215,1190,1157,1109,6677,5784,29971,3979,29979,29979,29978,29969,29983,2355,29981,29982,29982,29972,29985,29986,29986,29987,29989,29990]} 1. Nf3 Nf6 2. g3 b6 3. Bg2 Bb7 4. O-O e6 5. b3 Be7 6. Bb2 O-O 7. c4 c5 8. d3 d5 9. e3 Nc6 {[%cal Bb8c6,Bc6b4,Bb4d3,Bd3b2][%mdl 32]} 10. Nc3 dxc4 {A14: English Opening: 1...e6 with b3 by White} (10... Qd7 11. Qe2 Rad8 12. Rfd1 d4 13. exd4 Nxd4 14. Nxd4 cxd4 15. Nb5 Bxg2 16. Kxg2 Bc5 17. b4 Bxb4 18. Nxd4 Be7 {½-½ (62) Gashimov,V (2734)-Wang,Y (2752) Astrakhan 2010}) 11. dxc4 Nb4 12. Qxd8 $146 ({Predecessor:} 12. Qb1 Qd3 13. Rd1 Qxb1 14. Raxb1 Rad8 15. Ne1 Bxg2 16. Kxg2 Nd7 17. Nb5 a6 18. Na7 {½-½ (55) Miles,A (2560)-Larsen,B (2620) Buenos Aires 1979}) 12... Rfxd8 {The position is equal.} 13. Rad1 Ne4 14. a3 Nd3 15. Ba1 Bf6 16. Nxe4 Bxa1 (16... Bxe4 $11 {remains equal.} 17. Bxf6 gxf6) 17. Rxa1 ({White must play} 17. Nfg5 $1 $16) 17... Bxe4 $11 18. Rfd1 Nb2 19. Rd2 Rxd2 20. Nxd2 Bxg2 21. Kxg2 {[%mdl 4096] Endgame KRN-KRN} Rd8 $1 {[%cal Rd8d2]} 22. Nf3 Nd3 (22... f6 $11) 23. Kf1 $1 $16 {Rd1 is the strong threat.} Rd7 24. Ke2 $1 f6 (24... g5 $16) 25. Rd1 $18 Ne5 26. Nxe5 Rxd1 27. Kxd1 fxe5 {KP-KP} 28. Kc2 $1 {[%cal Rc2d3]} e4 {[#]} 29. b4 $1 cxb4 30. axb4 Kf7 31. Kb3 Ke7 32. Ka4 Kd6 {[#]} 33. Kb5 (33. b5 $1 $18) 33... Kc7 $1 $14 34. Ka6 ({White should try} 34. g4 $1 $14) 34... Kb8 $11 35. h3 Ka8 36. g4 g5 37. Kb5 Kb7 38. c5 {aiming for cxb6.} a6+ $1 39. Kc4 Kc6 40. cxb6 Kxb6 41. Kd4 Kb5 42. Kxe4 Kxb4 {With the idea ...a5.} 43. f4 $1 {[%cal Rf4f5]} gxf4 $1 44. exf4 {K3P-K3P} Kb5 $2 {[%mdl 8192]} (44... a5 $11) 45. Ke5 $2 (45. g5 {And now h4 would win.} Kc6 46. h4) 45... a5 $18 46. Kxe6 {K3P-KPP} a4 {Hoping for ...a3.} 47. f5 a3 {Threatens to win with ...a2.} 48. f6 a2 49. f7 a1=Q 50. f8=Q {KQ-KQ} Qa2+ (50... Qe1+ {might work better.} 51. Kd7 Qe3) 51. Kf6 Qb2+ $2 (51... Qd2 52. Qe8+ Kc4) 52. Kg5 {Qb8+ would kill now.} Qd2+ 53. Kh5 Qc3 54. h4 Qc7 55. Qf5+ Kb6 56. g5 Qg3 57. Qxh7 (57. g6 $142 Ka7 58. gxh7 Qg7 59. Qf2+ Kb7 60. Qf3+ Kb8 61. Qb3+ Kc7 62. Qc4+ Kb6 63. Qg8 Qe5+ 64. Qg5) 57... Kc6 58. Qe4+ Kd6 59. Kh6 Qf2 60. Qg6+ (60. g6 $142 Qd2+ 61. Kh7 Qd1 62. Qf4+ Kc5 63. Qf5+ Kb4 64. h5 Qd8 65. g7) 60... Ke7 61. h5 {White mates.} Qf4 62. Qg7+ Ke8 63. Kh7 Qf3 64. h6 Qd5 65. Qg8+ {Accuracy: White = 60%, Black = 39%.} 1-0

[Event "Ceara-ch 2019"]
[Site "Fortaleza"]
[Date "2019.11.24"]
[Round "4.5"]
[White "Parente, Renan Braz"]
[Black "Pereira, Silvio Cunha"]
[Result "1/2-1/2"]
[WhiteElo "2219"]
[BlackElo "2201"]
[Annotator "TA"]
[PlyCount "92"]
[EventDate "2019.11.17"]
[EventType "tourn"]
[EventCountry "BRA"]
[SourceTitle "playchess.com"]
[Source "ChessBase"]
[SourceQuality "1"]

{[%evp 14,92,0,0,43,48,61,58,64,47,61,62,60,56,59,59,64,59,58,41,42,41,41,41,47,42,54,37,46,46,56,53,68,38,108,113,111,94,100,103,78,36,36,37,33,34,73,85,63,53,85,12,12,7,17,15,64,58,63,63,64,64,64,67,66,56,66,68,69,69,54,6,19,0,0,0,0,0,0,-4,-4]} 1. d4 Nf6 ({Predecessor:} 1... d5 2. Nf3 Nf6 3. Bg5 e6 4. e3 c5 5. c3 Nc6 6. Nbd2 h6 7. Bh4 cxd4 8. exd4 Be7 {½-½ (68) Lehtosaari,M (2183)-Koskinen,H (2247) Finland 2018}) 2. Bg5 e6 3. Nd2 h6 4. Bh4 d5 5. e3 c5 6. c3 Be7 7. Bd3 Nc6 8. Ngf3 cxd4 $146 {D03: 1 d4 d5 2 Nf3 Nf6 3 Bg5, including Torre Attack with early ...d5} (8... b6 9. Bb5 Bd7 10. O-O O-O 11. Qe2 Ne4 12. Bxe7 Nxe7 13. Nxe4 dxe4 14. Nd2 Bxb5 15. Qxb5 f5 16. Nb3 Ng6 {0-1 (36) So,W (2815)-Giri,A (2785) chess.com INT 2017}) 9. exd4 Nh5 10. Bxe7 Qxe7 {White is slightly better.} 11. g3 e5 12. Nxe5 Nxe5 13. dxe5 Qxe5+ 14. Qe2 Qxe2+ 15. Bxe2 Nf6 16. Bf3 Bf5 17. O-O O-O-O 18. Nb3 Be4 19. Be2 Rhe8 20. Rfe1 Kc7 21. Bb5 Re6 22. Nd4 Rb6 {Black wants to play ...a6.} 23. f3 Bg6 (23... Bxf3 $1 $14 24. Re7+ Kc8) 24. Re2 $16 Kb8 25. Rae1 Rxb5 {[%mdl 64] [#] Remove Defender, Decoy} 26. Nxb5 {Hoping for Re7.} Bd3 27. Nd4 {Re7 is the strong threat.} (27. Re7 {is interesting.} Bxb5 28. Rxf7 Ne8 29. Ree7 Bc6 30. Rf8) 27... Bxe2 28. Rxe2 $14 {[%mdl 4096] Endgame KRN-KRN} g6 29. Kf2 Rd7 30. g4 Kc7 31. h4 a6 32. Ke1 (32. Kg3 $16) 32... Kd6 $11 33. Kd2 Rd8 34. h5 {[#] Black must now prevent hxg6.} gxh5 35. Nf5+ Kc7 36. gxh5 Nxh5 37. Nxh6 Rd7 38. Re5 Ng7 $1 39. Rg5 Ne6 40. Rf5 Nd8 41. Kd3 Kd6 42. Rf6+ Ke7 $1 {[%cal Re7f6] The position is equal.} 43. Rb6 Nc6 $1 44. Nf5+ Kd8 $1 45. a4 Kc7 46. Rb3 Rd8 {Accuracy: White = 57%, Black = 64%.} 1/2-1/2

[Event "Ceara-ch 2019"]
[Site "Fortaleza"]
[Date "2019.11.24"]
[Round "5.1"]
[White "Pereira, Silvio Cunha"]
[Black "Da Justa, Saulo Freitas"]
[Result "1-0"]
[WhiteElo "2201"]
[BlackElo "1911"]
[Annotator "TA"]
[PlyCount "49"]
[EventDate "2019.11.17"]
[EventType "tourn"]
[EventCountry "BRA"]
[SourceTitle "playchess.com"]
[Source "ChessBase"]
[SourceQuality "1"]

{[%evp 14,57,32,16,81,83,87,92,90,88,134,129,170,167,211,144,163,152,169,127,136,134,221,217,216,203,239,175,213,202,839,825,746,749,732,1026,991,998,1000,991,932,908,29995,29996,29997,29998]} 1. e4 d5 2. exd5 Nf6 3. c4 c6 4. d4 cxd5 5. Nc3 e6 6. Nf3 Be7 7. c5 Nc6 8. Bb5 Nd7 {B14: Caro-Kann: Panov-Botvinnik Attack with 5...e6 and 5...g6} (8... O-O $11) (8... O-O 9. O-O Qc7 10. Re1 h6 11. g3 Rd8 12. Bf4 Qa5 13. Ba4 Ne4 14. Nxe4 dxe4 15. Rxe4 b5 16. Bb3 Bb7 17. Qe2 {1-0 (25) Li,C (2739)-Shytaj,L (2465) Germany 2017}) 9. O-O $16 O-O 10. Re1 Re8 {White is better.} 11. Bf4 Ndb8 $146 ({Predecessor:} 11... Bf6 12. a3 a6 13. Bxc6 bxc6 14. b4 a5 15. Rb1 axb4 16. axb4 {1-0 (26) Rogulj,B (2436)-Trtanj,T (2094) Pula 2001}) 12. Ba4 Bd7 13. Nb5 Na6 14. Nd6 Bxd6 15. Bxd6 f6 16. Bc2 Nab4 17. Bb1 a5 (17... Ne7 $16 18. Qb3 a5) 18. a3 $18 Na6 19. h4 b6 20. b4 axb4 21. axb4 $40 {[%mdl 128] White has strong attack.} Naxb4 $2 (21... b5 22. Qd3 f5) 22. Rxa8 Qxa8 {[#]} 23. Ng5 $1 {[%mdl 512]} h6 (23... fxg5 24. Qh5) 24. Qh5 fxg5 {[#]} 25. hxg5 {Played: Qh5-g6} 1-0

[Event "Ceara-ch 2019"]
[Site "Fortaleza"]
[Date "2019.11.25"]
[Round "5.2"]
[White "Albuquerque Junior, Wellington S."]
[Black "Parente, Renan Braz"]
[Result "1/2-1/2"]
[WhiteElo "2213"]
[BlackElo "2219"]
[Annotator "TA"]
[PlyCount "158"]
[EventDate "2019.11.17"]
[EventType "tourn"]
[EventCountry "BRA"]
[SourceTitle "playchess.com"]
[Source "ChessBase"]
[SourceQuality "1"]

{[%evp 25,158,4,17,21,22,0,0,-3,20,20,23,21,27,0,8,0,0,0,0,0,0,0,140,16,45,0,0,0,0,0,0,0,0,-9,0,-1,-1,-4,0,0,0,0,0,0,0,0,0,0,10,10,10,5,9,0,0,0,0,0,0,0,0,0,0,0,0,0,0,0,0,0,0,0,0,0,0,0,0,0,0,0,0,0,0,0,0,0,0,0,0,0,0,0,0,0,0,0,0,0,0,0,0,-260,-293,-12837,-12837,-12837,-12837,-2177,0,0,0,0,0,0,0,0,0,0,0,0,0,0,0,0,0,0,0,0,0,0,0,0,0,0,0]} 1. d4 e6 2. c4 f5 3. g3 Nf6 4. Bg2 d5 5. Nf3 Bd6 6. O-O O-O 7. b3 b6 8. Qc2 Qe7 9. Bb2 c6 10. Ne5 Bb7 11. Nd2 Nbd7 12. Rac1 Rac8 13. Ndf3 Ne4 14. Nxd7 {A90: Dutch Defence: Miscellaneous and Modern Stonewall (with ...Bd6)} Qxd7 {[#]} 15. Nd2 $146 ({Predecessor:} 15. Ne5 Qe7 16. f3 Nf6 17. c5 bxc5 18. dxc5 Bb8 19. Qd3 a5 20. Bd4 Nd7 {½-½ (20) Yevseev,D (2510)-Matlakov,M (2484) Peterhof 2008}) 15... c5 16. dxc5 bxc5 17. e3 Qf7 18. Rcd1 Rfd8 19. Nf3 a5 20. Rd3 a4 21. Rfd1 axb3 22. axb3 Ra8 23. Nd2 {[%cal Bf3d2,Bd2b1,Bb1c3][%mdl 32]} Qc7 (23... Be7 $11 {keeps the balance.}) 24. f3 ({Only move:} 24. cxd5 $16 exd5 25. Nxe4 dxe4 26. R3d2) 24... Nf6 25. Nb1 Be7 26. Nc3 dxc4 27. Rxd8+ Rxd8 28. Rxd8+ Qxd8 29. bxc4 Qa8 30. Qa4 Qxa4 31. Nxa4 Nd7 32. f4 Bxg2 33. Kxg2 $11 {[%mdl 4096] Endgame KBN-KBN} g6 34. Kf3 Kf7 35. h3 Ke8 36. e4 Kd8 37. Bc3 $1 Kc7 38. Nb2 Bf6 39. Bxf6 (39. e5 {feels hotter.} Be7 40. g4 h6 41. Ba5+ Kc6 42. Kg3) 39... Nxf6 40. exf5 exf5 {KN-KN} 41. Nd1 Ne4 42. Ne3 Kb6 43. g4 Nd6 44. gxf5 Nxf5 45. Nd5+ Ka5 46. Ke4 Ka4 47. Kd3 Kb3 48. Nb6 Nd6 49. Nd7 Kb4 (49... Nxc4 $6 50. Nxc5+ Kb4 51. Nd7 $16) 50. Ne5 Kb3 51. Nd7 Kb4 ({Much weaker is} 51... Nxc4 $6 52. Nxc5+ Kb4 53. Nd7 $16) 52. Ne5 Ne8 53. Nc6+ Kb3 54. Na5+ Ka4 55. Nc6 Nf6 56. Ne5 Kb3 57. h4 Nh5 58. Ke4 Nf6+ 59. Kd3 Kb4 60. Nc6+ Ka4 61. Ne5 Kb3 62. Nf3 Nh5 63. Ke4 $2 {[%mdl 8192]} (63. Ne5 $11) 63... Kxc4 $19 64. f5 $2 (64. Ne5+ Kb5 65. Nf3) 64... Ng3+ {[%mdl 64] [#] Double Attack} 65. Kf4 Nxf5 66. h5 Nd4 $2 (66... Kd5 $19 {Hoping for ...c4.} 67. hxg6 hxg6) 67. hxg6 $11 {The position is equal.} hxg6 {( -> ...Nxf3)} (67... Ne6+ {keeps more tension.} 68. Ke5 hxg6) 68. Ne5+ Kb3 {And now ...Ne6+ would win.} 69. Kg5 Kc2 70. Nd7 (70. Kxg6 {seems wilder.} Kd2 71. Kf6 Ke3 72. Nd7 c4 73. Nb6) 70... Ne6+ (70... c4 $5 71. Nb6 $8 Ne6+ 72. Kxg6 c3 $11) 71. Kxg6 {[#]} Nf8+ $1 {[%mdl 512]} 72. Nxf8 {KN-KP} c4 73. Ne6 Kd3 74. Nf4+ Ke4 75. Ne2 Kd3 76. Nf4+ Ke3 77. Kf5 c3 {aiming for ...c2.} 78. Nd5+ {[%mdl 64] Double Attack} Kd4 79. Nxc3 Kxc3 {Accuracy: White = 69%, Black = 65%.} 1/2-1/2

[Event "Ceara-ch 2019"]
[Site "Fortaleza"]
[Date "2019.11.25"]
[Round "5.3"]
[White "Lima, Helio Viana Correia"]
[Black "Palacio, Igor Da Paz"]
[Result "0-1"]
[WhiteElo "1950"]
[BlackElo "2160"]
[Annotator "TA"]
[PlyCount "156"]
[EventDate "2019.11.17"]
[EventType "tourn"]
[EventCountry "BRA"]
[SourceTitle "playchess.com"]
[Source "ChessBase"]
[SourceQuality "1"]

{[%evp 15,156,25,16,31,32,30,19,0,21,-15,6,13,24,0,0,0,0,0,0,0,0,-18,0,0,0,4,7,0,0,-2,29,-23,-18,-61,0,0,9,9,14,19,19,8,96,43,61,0,0,0,5,-48,-47,-102,-29,-29,-29,-135,-143,-178,-173,-178,-178,-165,-175,-175,-137,-139,-113,-116,-29,-216,-220,-217,-220,-214,-213,-206,-187,-284,-272,-324,-314,-276,-246,-405,-407,-401,-401,-401,-401,-401,-401,-391,-390,-414,-399,-420,-420,-407,-398,-526,-479,-622,-603,-753,-763,-889,-889,-886,-883,-869,-823,-1387,-675,-1301,-635,-1179,-650,-631,0,-1180,-1056,-993,-481,-474,-460,-481,-460,-481,-481,-29970,-29971,-29968,-11239,-8783,-8783,-29983,-29984,-29983,-29983,-29983,-29984,-29982,-29983]} 1. d4 Nf6 2. c4 e6 3. Nf3 c5 4. d5 exd5 5. cxd5 d6 6. Nc3 g6 7. e4 Bg7 8. Bb5+ Nbd7 9. O-O {A70: Modern Benoni: 6 e4 g6 7 Nf3} O-O 10. a4 a6 11. Bxd7 {The position is equal.} (11. Be2 {keeps more tension.} Re8 12. Nd2 Ne5 13. a5 h6 14. b3) 11... Nxd7 12. a5 $146 ({Predecessor:} 12. Bf4 Qc7 13. Re1 Re8 14. Rc1 f6 15. Nd2 Ne5 {0-1 (47) Huss,A (2313)-Martirosyan,H (2515) Zuerich 2017}) 12... Rb8 13. Bf4 Qe7 14. Re1 b5 15. axb6 Rxb6 16. Qc2 Re8 17. Nd2 {Threatens to win with Nc4.} Rb4 18. Ra4 Nb6 {And now ...Rxb2! would win.} 19. Rxb4 cxb4 20. Ne2 Bb7 21. Be3 Nd7 $1 22. Qc7 Ne5 (22... Nc5 $5 {[%cal Re7c7]} 23. Qxe7 Rxe7 24. Bxc5 dxc5 $11) 23. Qxe7 (23. Qb6 $142) 23... Rxe7 $11 24. b3 Nd3 (24... f5 $15 25. exf5 gxf5) 25. Rd1 Rc7 26. Nc4 Nb2 27. Nxb2 Bxb2 28. Bf4 Rd7 (28... a5 $11) 29. Rd2 (29. f3 $16) 29... Bf6 30. Rc2 (30. f3 $14) 30... a5 31. Ra2 Ba6 32. Nc1 (32. Kf1 $11) 32... Bd8 $1 $15 33. Rc2 ({White should play} 33. h4 $15) 33... Rc7 (33... f5 $1 $17 34. exf5 Rf7) 34. Rxc7 $1 $11 Bxc7 {[%mdl 4096] Endgame KBB-KBN} 35. g4 {[#]} (35. Be3 $1 $11) 35... f5 $1 $17 {[%mdl 512]} 36. gxf5 (36. exf5 gxf5) 36... gxf5 37. f3 Bb6+ $1 38. Kg2 Bc5 39. Bd2 Kf7 40. Kg3 Kg6 41. Kf4 {[#]} fxe4 ({Better is} 41... Bg1 $1 $17 {[%cal Rg1h2]} 42. exf5+ Kf6) 42. Kxe4 $2 (42. fxe4 $11 {and White is okay.} Bg1 43. h3) 42... Bc8 $19 43. Kd3 {[#]} Kf5 $1 44. Kc2 Bb7 45. Nd3 Bb6 46. Bf4 (46. Nf4 $142) 46... Bc7 ({Don't take} 46... Bxd5 47. Bxd6 Bxf3 48. Nc5 $19) 47. Be3 {If only White now had time for Nf4....} Bxd5 48. Ne1 Bc6 49. h4 $2 (49. Kd3 {was called for.}) 49... Bd8 50. h5 Be8 51. h6 Bc6 52. Kd3 Bd5 53. Kc2 Bc7 54. Kb2 Kg6 55. Kc2 Bd8 56. Bf4 Kh5 57. Bxd6 Kxh6 58. Nd3 Bxf3 59. Ne5 Bd5 60. Nc4 Kg5 61. Kd3 h5 62. Kd4 Bg8 63. Kc5 Be6 (63... Bxc4 $142 64. Kxc4 Kg4) 64. Kb5 Bd7+ (64... Bxc4+ $142 65. Kxc4 h4) 65. Ka6 Bc8+ 66. Kb5 Bd7+ (66... Kf5 $142 67. Nxa5 Bg5) 67. Ka6 $1 a4 68. bxa4 Bxa4 (68... b3 $142 69. a5 Kf5) 69. Bxb4 Bc7 70. Kb7 Bf4 71. Nb6 Bb3 72. Kc6 (72. Be1 $19 Be6 73. Na4) 72... Kg4 73. Be7 Bg5 74. Bd6 h4 75. Nd5 Bxd5+ {Black mates.} 76. Kxd5 Bf4 77. Bc5 h3 78. Bg1 Kf3 {Accuracy: White = 38%, Black = 56%.} 0-1

[Event "Ceara-ch 2019"]
[Site "Fortaleza"]
[Date "2019.11.24"]
[Round "5.4"]
[White "Barreto, Paulo Robson Rodrigu"]
[Black "Silveira, Jose Wanderley Macie"]
[Result "1-0"]
[WhiteElo "1692"]
[BlackElo "1762"]
[Annotator "NA RC"]
[PlyCount "71"]
[EventDate "2019.11.17"]
[EventType "tourn"]
[EventCountry "BRA"]
[SourceTitle "playchess.com"]
[Source "ChessBase"]
[SourceQuality "1"]
[TimeControl "5400+30"]

1. Nf3 {[%emt 0:00:00]} b6 {[%emt 0:00:07]} 2. g3 {[%emt 0:00:04]} Bb7 {[%emt 0:00:02]} 3. Bg2 {[%emt 0:00:16]} Nf6 {[%emt 0:00:08]} 4. d4 {[%emt 0:00:37]} d6 {[%emt 0:00:09]} 5. O-O {[%emt 0:00:45]} g6 {[%emt 0:00:02]} 6. c4 {[%emt 0:01:03]} Bg7 {[%emt 0:00:25]} 7. Nc3 {[%emt 0:01:17]} O-O {[%emt 0:00:31]} 8. Qc2 {[%emt 0:03:47]} Nbd7 {[%emt 1:32:36]} 9. Rd1 {[%emt 0:04:12]} a6 {[%emt 0:00:00]} 10. b4 {[%emt 0:03:34]} a5 {[%emt 0:00:00]} 11. b5 {[%emt 0:00:32]} c5 {[%emt 0:00:00]} 12. d5 {[%emt 0:09:59]} Rb8 {[%emt 0:00:00]} 13. Bb2 {[%emt 0:00:27]} Ng4 {[%emt 0:00:00]} 14. h3 {[%emt 0:05:36]} Nge5 {[%emt 0:00:00]} 15. Nxe5 {[%emt 0:00:21]} Nxe5 {[%emt 0:00:00]} 16. Na4 {[%emt 0:00:24]} Bc8 {[%emt 0:00:00]} 17. f4 {[%emt 0:00:29]} Nd7 {[%emt 0:00:00]} 18. e4 {[%emt 0:00:56]} Bxb2 {[%emt 0:00:00]} 19. Qxb2 {[%emt 0:00:18]} f6 {[%emt 0:00:00]} 20. Qd2 {[%emt 0:08:27]} Qe8 {[%emt 0:00:00]} 21. Nb2 {[%emt 0:02:06]} Rf7 {[%emt 0:00:00]} 22. Rac1 {[%emt 0:00:59]} Rg7 {[%emt 0:00:00]} 23. Nd3 {[%emt 0:06:23]} g5 {[%emt 0:00:00]} 24. Kh2 {[%emt 0:04:42]} gxf4 {[%emt 0:00:00]} 25. gxf4 {[%emt 0:00:42]} Qh5 {[%emt 0:00:00]} 26. Qf2 {[%emt 0:01:11]} Nf8 {[%emt 0:00:00]} 27. f5 {[%emt 0:00:31]} Rg5 {[%emt 0:00:00]} 28. Bf3 {[%emt 0:01:06]} Qf7 {[%emt 0:00:00]} 29. h4 {[%emt 0:00:29]} Rg7 {[%emt 0:00:00]} 30. Nf4 {[%emt 0:00:39]} Qe8 {[%emt 0:00:00]} 31. Rg1 {[%emt 0:01:54]} Qd7 {[%emt 0:00:00]} 32. Rxg7+ {[%emt 0:00:35]} Kxg7 {[%emt 0:00:00]} 33. Qg3+ {[%emt 0:00:16]} Kh6 {[%emt 0:00:00]} 34. Rg1 {[%emt 0:00:10]} e5 {[%emt 0:00:00]} 35. dxe6 {[%emt 0:00:55]} Qa7 {[%emt 0:00:00]} 36. Qg4 {[%emt 0:00:09]} 1-0